| 000 | 00469nam a2200181Ia 4500 | ||
|---|---|---|---|
| 008 | 230612s9999 xx 000 0 und d | ||
| 041 | _aeng | ||
| 082 | _a621.3815 GAY | ||
| 100 | _aGayakwad R.A. | ||
| 245 | _aOp-Amps And Linear Integrated Circuits | ||
| 250 | _a2nd ed. | ||
| 260 |
_c1993 _bPrentice Hall Of India |
||
| 300 | _a638 | ||
| 365 |
_cRs. _b125.00 |
||
| 700 | _aGayakwad R.A. | ||
| 906 |
_dB:21631-May-1993 _cETC _b18.75 |
||
| 999 |
_c166194 _d166194 |
||